[Event "RUS-ch Men Blitz 2019"]
[Site "Sochi"]
[Date "2019.10.17"]
[Round "2.10"]
[White "Kokarev, Dmitry"]
[Black "Jary, Sergey"]
[Result "0-1"]
[WhiteElo "2593"]
[BlackElo "2275"]
[Annotator "ChessBase"]
[PlyCount "58"]
[EventDate "2019.10.17"]
[EventType "swiss"]
[EventCountry "RUS"]
[SourceTitle "playchess.com"]
[Source "ChessBase"]
[SourceQuality "1"]
[TimeControl "180+2"]

1. e4 {[%emt 0:00:01]} e6 {[%emt 0:00:00]} 2. d4 {[%emt 0:00:02]} d5 {[%emt 0:00:00]} 3. Nc3 {[%emt 0:00:01]} Nf6 {[%emt 0:00:00]} 4. Bg5 {[%emt 0:00:02]} dxe4 {[%emt 0:00:02]} 5. Nxe4 {[%emt 0:00:03]} Nbd7 {[%emt 0:00:01]} 6. Nf3 {[%emt 0:00:07]} Be7 {[%emt 0:00:01]} 7. Nxf6+ {[%emt 0:00:04]} Nxf6 {[%emt 0:00:02]} 8. c3 {[%emt 0:00:09]} O-O {[%emt 0:00:05]} 9. Qc2 {[%emt 0:00:15]} h6 {[%emt 0:00:19]} 10. Bxf6 {[%emt 0:00:02]} Bxf6 {[%emt 0:00:01]} 11. O-O-O {[%emt 0:00:03]} Qe7 {[%emt 0:00:01]} 12. h4 {[%emt 0:00:09]} e5 {[%emt 0:00:15]} 13. Re1 {[%emt 0:00:05]} e4 {[%emt 0:00:13]} 14. Rxe4 {[%emt 0:00:15]} Qd6 {[%emt 0:00:10]} 15. Bd3 {[%emt 0:00:03]} b5 {[%emt 0:00:18]} 16. g4 {[%emt 0:00:21]} Bb7 {[%emt 0:00:04]} 17. g5 {[%emt 0:00:02]} Bxe4 {[%emt 0:00:03]} 18. Bxe4 {[%emt 0:00:01]} Qf4+ {[%emt 0:00:03]} 19. Kb1 {[%emt 0:00:05]} Rae8 {[%emt 0:00:02]} 20. Bc6 {[%emt 0:00:38]} Re6 {[%emt 0:00:07]} 21. gxf6 {[%emt 0:00:04]} Rxc6 {[%emt 0:00:09]} 22. fxg7 {[%emt 0:00:02]} Re8 {[%emt 0:00:04]} 23. Ne5 {[%emt 0:00:03]} Rce6 {[%emt 0:00:18]} 24. a3 {[%emt 0:00:03]} c5 {[%emt 0:00:04]} 25. Rg1 {[%emt 0:00:12]} cxd4 {[%emt 0:00:11]} 26. cxd4 {[%emt 0:00:22]} Qxd4 {[%emt 0:00:09]} 27. Nxf7 {[%emt 0:00:02]} Re1+ {[%emt 0:00:03]} 28. Ka2 {[%emt 0:00:09]} Qd5+ {[%emt 0:00:08]} 29. b3 {[%emt 0:00:00]} Qxf7 {[%emt 0:00:04]} 0-1

[Event "RUS-ch Men Blitz 2019"]
[Site "Sochi"]
[Date "2019.10.17"]
[Round "2.11"]
[White "Zakaryan, David"]
[Black "Golubov, Saveliy"]
[Result "1-0"]
[WhiteElo "2338"]
[BlackElo "2469"]
[Annotator "RC"]
[PlyCount "108"]
[EventDate "2019.10.17"]
[EventType "swiss"]
[EventCountry "RUS"]
[SourceTitle "playchess.com"]
[Source "ChessBase"]
[SourceQuality "1"]
[TimeControl "180+2"]

1. d4 {[%emt 0:00:00]} g6 {[%emt 0:00:00]} 2. Nc3 {[%emt 0:00:02]} Bg7 {[%emt 0:00:00]} 3. e4 {[%emt 0:00:01]} d6 {[%emt 0:00:00]} 4. Be3 {[%emt 0:00:03]} a6 {[%emt 0:00:02]} 5. a4 {[%emt 0:00:02]} b6 {[%emt 0:00:01]} 6. Nge2 {[%emt 0:00:07]} Bb7 {[%emt 0:00:03]} 7. g3 {[%emt 0:00:02]} Nf6 {[%emt 0:00:02]} 8. Bg2 {[%emt 0:00:01]} O-O {[%emt 0:00:05]} 9. h3 {[%emt 0:00:02]} e5 {[%emt 0:00:03]} 10. dxe5 {[%emt 0:00:02]} dxe5 {[%emt 0:00:02]} 11. Qxd8 {[%emt 0:00:02]} Rxd8 {[%emt 0:00:02]} 12. O-O Nc6 {[%emt 0:00:00]} 13. Rfd1 {[%emt 0:00:21]} Nb4 {[%emt 0:00:02]} 14. Rxd8+ {[%emt 0:00:02]} Rxd8 {[%emt 0:00:02]} 15. Rc1 Ne8 16. b3 {[%emt 0:00:05]} Bf8 {[%emt 0:00:20]} 17. Nd5 {[%emt 0:00:23]} Kg7 {[%emt 0:00:55]} 18. Nec3 {[%emt 0:00:23]} f5 {[%emt 0:00:06]} 19. Nxb4 {[%emt 0:00:07]} Bxb4 {[%emt 0:00:01]} 20. Nd5 {[%emt 0:00:00]} Ba3 {[%emt 0:00:46]} 21. Ra1 {[%emt 0:00:04]} Bb2 {[%emt 0:00:01]} 22. Rb1 {[%emt 0:00:02]} Bd4 {[%emt 0:00:04]} 23. Bxd4 {[%emt 0:00:28]} exd4 {[%emt 0:00:01]} 24. Nf4 {[%emt 0:00:00]} Bc8 {[%emt 0:00:18]} 25. exf5 {[%emt 0:00:06]} Bxf5 {[%emt 0:00:02]} 26. g4 {[%emt 0:00:17]} Bc8 {[%emt 0:00:29]} 27. Re1 {[%emt 0:00:04]} Kf8 {[%emt 0:00:03]} 28. Bc6 {[%emt 0:00:12]} Nd6 {[%emt 0:00:11]} 29. Kh2 {[%emt 0:00:13]} Kf7 {[%emt 0:00:11]} 30. Nd5 {[%emt 0:00:04]} Kf8 {[%emt 0:00:05]} 31. Nxc7 {[%emt 0:00:06]} Nf7 {[%emt 0:00:01]} 32. Kg3 {[%emt 0:00:08]} d3 {[%emt 0:00:02]} 33. cxd3 {[%emt 0:00:03]} Rxd3+ {[%emt 0:00:01]} 34. f3 {[%emt 0:00:02]} Kg7 {[%emt 0:00:04]} 35. Ne8+ {[%emt 0:00:05]} Kf8 {[%emt 0:00:02]} 36. Nf6 {[%emt 0:00:03]} Rd6 {[%emt 0:00:02]} 37. Re8+ Kg7 38. Rxc8 {[%emt 0:00:15]} Kxf6 {[%emt 0:00:01]} 39. Bb7 {[%emt 0:00:03]} a5 {[%emt 0:00:03]} 40. h4 {[%emt 0:00:01]} Ne5 {[%emt 0:00:03]} 41. Be4 {[%emt 0:00:04]} h6 {[%emt 0:00:02]} 42. Re8 {[%emt 0:00:03]} g5 {[%emt 0:00:02]} 43. hxg5+ {[%emt 0:00:03]} hxg5 {[%emt 0:00:01]} 44. Rf8+ {[%emt 0:00:01]} Ke7 {[%emt 0:00:04]} 45. Rf5 {[%emt 0:00:02]} Nd7 {[%emt 0:00:02]} 46. Rxg5 {[%emt 0:00:01]} Rd4 {[%emt 0:00:02]} 47. Rb5 {[%emt 0:00:06]} Rd6 {[%emt 0:00:02]} 48. f4 {[%emt 0:00:02]} Nc5 {[%emt 0:00:00]} 49. Bf5 {[%emt 0:00:02]} Na6 {[%emt 0:00:04]} 50. g5 {[%emt 0:00:01]} Nc5 {[%emt 0:00:01]} 51. Kg4 {[%emt 0:00:02]} Kf7 {[%emt 0:00:03]} 52. b4 {[%emt 0:00:02]} axb4 {[%emt 0:00:00]} 53. Rxb4 {[%emt 0:00:01]} Nb7 {[%emt 0:00:04]} 54. Rc4 {[%emt 0:00:03]} Rd8 {[%emt 0:00:02]} 1-0

[Event "RUS-ch Men Blitz 2019"]
[Site "Sochi"]
[Date "2019.10.20"]
[Round "2.12"]
[White "Tsydypov, Zhamsaran"]
[Black "Chizhikov, Vladislav"]
[Result "1-0"]
[WhiteElo "2553"]
[BlackElo "2273"]
[Annotator "ChessBase"]
[PlyCount "118"]
[EventDate "2019.10.17"]
[EventType "swiss"]
[EventCountry "RUS"]
[SourceTitle "playchess.com"]
[Source "ChessBase"]
[SourceQuality "1"]
[TimeControl "180+2"]

1. e4 {[%emt 0:00:00]} e5 {[%emt 0:00:00]} 2. Nf3 {[%emt 0:00:02]} d5 {[%emt 0:00:00]} 3. exd5 {[%emt 0:00:03]} e4 {[%emt 0:00:01]} 4. Qe2 {[%emt 0:00:01]} Nf6 {[%emt 0:00:04]} 5. d3 {[%emt 0:00:02]} Qxd5 {[%emt 0:00:02]} 6. Nfd2 {[%emt 0:00:02]} Nc6 {[%emt 0:00:05]} 7. Nxe4 {[%emt 0:00:09]} Be6 {[%emt 0:00:03]} 8. Nbc3 {[%emt 0:00:02]} Qd7 {[%emt 0:00:14]} 9. Be3 {[%emt 0:00:03]} O-O-O {[%emt 0:00:05]} 10. O-O-O {[%emt 0:00:13]} Nd4 {[%emt 0:00:14]} 11. Qe1 {[%emt 0:00:28]} Bb4 {[%emt 0:00:04]} 12. a3 {[%emt 0:00:05]} Ba5 {[%emt 0:00:16]} 13. Nc5 {[%emt 0:00:16]} Qc6 {[%emt 0:00:07]} 14. Nxe6 {[%emt 0:00:02]} Nxe6 {[%emt 0:00:20]} 15. Be2 {[%emt 0:00:29]} Nd4 {[%emt 0:00:09]} 16. Bxd4 {[%emt 0:00:02]} Rxd4 {[%emt 0:00:02]} 17. Bf3 {[%emt 0:00:01]} Qc5 {[%emt 0:00:24]} 18. b4 {[%emt 0:00:21]} Rxb4 {[%emt 0:00:17]} 19. axb4 {[%emt 0:00:02]} Bxb4 {[%emt 0:00:01]} 20. Kb2 {[%emt 0:00:52]} Ba3+ {[%emt 0:00:01]} 21. Ka2 {[%emt 0:00:04]} Qa5 {[%emt 0:00:01]} 22. Ra1 {[%emt 0:00:13]} Re8 {[%emt 0:00:27]} 23. Qd2 {[%emt 0:00:01]} Re6 {[%emt 0:00:05]} 24. Ne4 {[%emt 0:00:06]} Bb4+ {[%emt 0:00:18]} 25. Kb1 {[%emt 0:00:01]} Bxd2 {[%emt 0:00:03]} 26. Rxa5 {[%emt 0:00:01]} Bxa5 {[%emt 0:00:01]} 27. Nc5 {[%emt 0:00:01]} Rb6+ {[%emt 0:00:04]} 28. Nb3 {[%emt 0:00:03]} Bc3 {[%emt 0:00:02]} 29. Kc1 {[%emt 0:00:01]} a5 {[%emt 0:00:01]} 30. Nc5 {[%emt 0:00:02]} Bd4 {[%emt 0:00:06]} 31. Nb3 {[%emt 0:00:02]} Bxf2 {[%emt 0:00:03]} 32. Kd2 {[%emt 0:00:07]} a4 {[%emt 0:00:01]} 33. Na5 {[%emt 0:00:00]} Bc5 {[%emt 0:00:10]} 34. Nc4 {[%emt 0:00:02]} Re6 {[%emt 0:00:02]} 35. Rb1 {[%emt 0:00:04]} c6 {[%emt 0:00:02]} 36. c3 {[%emt 0:00:01]} b5 {[%emt 0:00:02]} 37. Na5 {[%emt 0:00:01]} Kc7 {[%emt 0:00:05]} 38. Nxc6 {[%emt 0:00:02]} Rxc6 {[%emt 0:00:02]} 39. Rxb5 {[%emt 0:00:01]} Be3+ {[%emt 0:00:05]} 40. Kxe3 {[%emt 0:00:01]} Rxc3 {[%emt 0:00:01]} 41. Rb7+ {[%emt 0:00:02]} Kd6 {[%emt 0:00:01]} 42. Rxf7 {[%emt 0:00:01]} a3 {[%emt 0:00:08]} 43. Ra7 {[%emt 0:00:01]} g5 {[%emt 0:00:02]} 44. Kd4 {[%emt 0:00:02]} Rb3 {[%emt 0:00:01]} 45. Ra6+ {[%emt 0:00:01]} Ke7 {[%emt 0:00:01]} 46. Kc4 {[%emt 0:00:01]} Rb2 {[%emt 0:00:06]} 47. Rxa3 {[%emt 0:00:02]} g4 {[%emt 0:00:01]} 48. Ba8 {[%emt 0:00:00]} Rc2+ {[%emt 0:00:02]} 49. Kd4 {[%emt 0:00:01]} Re2 {[%emt 0:00:02]} 50. Ra7+ {[%emt 0:00:03]} Ke6 {[%emt 0:00:00]} 51. Ra5 {[%emt 0:00:01]} h5 {[%emt 0:00:03]} 52. h3 {[%emt 0:00:02]} gxh3 {[%emt 0:00:01]} 53. gxh3 {[%emt 0:00:01]} Rh2 {[%emt 0:00:01]} 54. Bb7 {[%emt 0:00:00]} Ke7 {[%emt 0:00:02]} 55. Bc8 {[%emt 0:00:02]} Re2 {[%emt 0:00:02]} 56. Ra6 {[%emt 0:00:05]} h4 {[%emt 0:00:01]} 57. Ra5 {[%emt 0:00:01]} Kd8 {[%emt 0:00:05]} 58. Bf5 {[%emt 0:00:02]} Rf2 {[%emt 0:00:01]} 59. Ke5 {[%emt 0:00:02]} Nd7+ {[%emt 0:00:08]} 1-0

[Event "RUS-ch Men Blitz 2019"]
[Site "Sochi"]
[Date "2019.10.17"]
[Round "2.12"]
[White "Nozdrachev, Vladislav"]
[Black "Yatzenko, Anton"]
[Result "1-0"]
[WhiteElo "2494"]
[BlackElo "2383"]
[Annotator "ChessBase"]
[PlyCount "41"]
[EventDate "2019.10.17"]
[EventType "swiss"]
[EventCountry "RUS"]
[SourceTitle "playchess.com"]
[Source "ChessBase"]
[SourceQuality "1"]
[TimeControl "180+2"]

1. e4 {[%emt 0:00:00]} e5 {[%emt 0:00:00]} 2. Nf3 {[%emt 0:00:01]} Nc6 {[%emt 0:00:00]} 3. Nc3 {[%emt 0:00:01]} Nf6 {[%emt 0:00:00]} 4. Be2 {[%emt 0:00:01]} Bc5 {[%emt 0:00:17]} 5. Nxe5 {[%emt 0:00:05]} Nxe5 {[%emt 0:00:02]} 6. d4 {[%emt 0:00:01]} Bxd4 {[%emt 0:00:01]} 7. Qxd4 {[%emt 0:00:02]} d6 {[%emt 0:00:01]} 8. O-O {[%emt 0:00:04]} O-O {[%emt 0:00:01]} 9. Bg5 {[%emt 0:00:03]} h6 {[%emt 0:00:02]} 10. Bh4 {[%emt 0:00:02]} Ng6 {[%emt 0:00:01]} 11. Bxf6 {[%emt 0:00:01]} gxf6 {[%emt 0:00:30]} 12. Nd5 {[%emt 0:00:03]} Kg7 {[%emt 0:00:01]} 13. Rad1 {[%emt 0:00:17]} Be6 {[%emt 0:00:01]} 14. Ne3 {[%emt 0:00:03]} Re8 {[%emt 0:00:56]} 15. f4 {[%emt 0:00:02]} Bd7 {[%emt 0:00:01]} 16. Bc4 {[%emt 0:00:07]} b5 {[%emt 0:00:51]} 17. Bd5 {[%emt 0:00:19]} c6 {[%emt 0:00:02]} 18. Bb3 {[%emt 0:00:10]} Qe7 {[%emt 0:00:34]} 19. Qxd6 {[%emt 0:00:41]} Qxe4 {[%emt 0:00:01]} 20. Qxd7 {[%emt 0:00:05]} Re7 {[%emt 0:00:01]} 21. Nf5+ {[%emt 0:00:02]} 1-0

[Event "RUS-ch Men Blitz 2019"]
[Site "Sochi"]
[Date "2019.10.17"]
[Round "2.13"]
[White "Nazaretyan, Tigran"]
[Black "Khismatullin, Denis"]
[Result "0-1"]
[WhiteElo "2297"]
[BlackElo "2611"]
[Annotator "TA"]
[PlyCount "82"]
[EventDate "2019.10.17"]
[EventType "swiss"]
[EventCountry "RUS"]
[SourceTitle "playchess.com"]
[Source "ChessBase"]
[SourceQuality "1"]

{[%evp 20,82,37,35,52,36,48,36,38,35,42,35,36,19,19,25,24,19,27,15,50,45,74,71,77,61,92,87,119,114,113,35,86,96,81,75,154,142,140,38,348,-328,-346,-663,-654,-883,-836,-1108,-1076,-1098,-1055,-1294,-1272,-1290,-1280,-1244,-1244,-2420,-2321,-12820,-6040,-29976,-1727,-29977,-5218]} 1. d4 d6 2. Nf3 Nf6 3. c4 Nbd7 4. Nc3 e5 5. g3 Be7 6. Bg2 O-O 7. O-O c6 8. e4 a6 9. a4 a5 10. h3 Re8 11. Be3 Bf8 {A55: Old Indian Defence with Nf3 and e4} 12. Qc2 exd4 13. Nxd4 Nc5 {White is slightly better.} 14. Rad1 Qb6 15. Rfe1 (15. g4 g6 16. g5 Nh5 17. f4 Be6 18. Nxe6 Rxe6 19. Qf2 f5 20. gxf6 Rxf6 21. f5 {½-½ (29) Sorokin,A (2522)-Khismatullin,D (2617) St Petersburg 2018}) 15... g6 16. Kh2 Be6 $146 ({Predecessor:} 16... Bd7 17. f4 Rad8 {½-½ (42) Ofitserian,B (2365)-Atabayev,M (2492) Moscow 2017}) 17. b3 Rad8 18. f4 Bc8 19. Kh1 h5 20. f5 Nfd7 21. Bg5 Ne5 22. Bxd8 Rxd8 23. Nce2 Bh6 24. Nf4 h4 25. Nfe2 ({White should try} 25. fxg6 $16 fxg6 26. Qc3) 25... Bg5 (25... hxg3 $14 26. Qc3 (26. Nxg3 Rf8 $14) 26... Kh7) 26. gxh4 $16 Bxh4 27. Rf1 Re8 (27... Kg7 $142) 28. Nf4 {aiming for fxg6.} Kg7 29. Qc3 ({Better is} 29. Nf3 $16 Bf6 30. fxg6 fxg6 31. Rxd6 Qxb3 32. Qxb3 Nxb3 33. Nxe5 Bxe5 34. Rxg6+ Kh7 35. Rg5) 29... Rh8 $2 {[%mdl 8192]} (29... Qc7 $14) 30. Nf3 $4 {[%mdl 8192]} (30. fxg6 $18 {is the narrow road to win.} Qb4 31. Qxb4 axb4 32. gxf7) 30... Nxe4 $19 31. Qb2 $2 (31. Qd4 Ng3+ 32. Kg1 Qxd4+ 33. Nxd4) 31... Bf6 {Threatens to win with ...Ng3+.} 32. Nxe5 Bxe5 33. Qc2 Ng3+ {[%mdl 64] [#] Double Attack} 34. Kh2 Bxf5 35. Qf2 Nxf1+ 36. Rxf1 Qxf2 37. Rxf2 g5 {[%mdl 64] Pin} 38. Kh1 gxf4 39. Rf3 Be4 40. Rf2 Rxh3+ 41. Kg1 {[#]} Rg3 $1 {Accuracy: White = 31%, Black = 43%.} 0-1

[Event "RUS-ch Men Blitz 2019"]
[Site "Sochi"]
[Date "2019.10.17"]
[Round "2.14"]
[White "Savchenko, Boris"]
[Black "Shcherbin, Matvei"]
[Result "0-1"]
[WhiteElo "2581"]
[BlackElo "2366"]
[Annotator "RC"]
[PlyCount "140"]
[EventDate "2019.10.17"]
[EventType "swiss"]
[EventCountry "RUS"]
[SourceTitle "playchess.com"]
[Source "ChessBase"]
[SourceQuality "1"]
[TimeControl "180+2"]

1. e4 {[%emt 0:00:00]} c5 {[%emt 0:00:00]} 2. Be2 {[%emt 0:00:00]} Nc6 {[%emt 0:00:00]} 3. f4 {[%emt 0:00:02]} d5 {[%emt 0:00:10]} 4. d3 {[%emt 0:00:01]} Nf6 {[%emt 0:00:06]} 5. e5 {[%emt 0:00:04]} Nd7 {[%emt 0:00:02]} 6. c4 {[%emt 0:00:08]} e6 {[%emt 0:00:06]} 7. Nc3 {[%emt 0:00:02]} dxc4 {[%emt 0:00:14]} 8. dxc4 {[%emt 0:00:01]} Be7 {[%emt 0:00:04]} 9. Nf3 {[%emt 0:00:03]} O-O {[%emt 0:00:01]} 10. Be3 {[%emt 0:00:41]} f6 {[%emt 0:00:18]} 11. exf6 {[%emt 0:00:20]} Bxf6 {[%emt 0:00:01]} 12. Qd6 {[%emt 0:00:11]} Qb6 {[%emt 0:00:24]} 13. O-O-O {[%emt 0:00:06]} Nd4 {[%emt 0:00:34]} 14. Qxb6 {[%emt 0:00:06]} Nxe2+ {[%emt 0:00:01]} 15. Nxe2 axb6 16. a3 {[%emt 0:00:06]} Nb8 {[%emt 0:00:21]} 17. Nd2 {[%emt 0:00:04]} Bd7 {[%emt 0:00:05]} 18. Kc2 {[%emt 0:00:06]} Bc6 {[%emt 0:00:01]} 19. Rhg1 {[%emt 0:00:02]} Nd7 {[%emt 0:00:06]} 20. Nc3 {[%emt 0:00:02]} Bxc3 {[%emt 0:00:06]} 21. Kxc3 {[%emt 0:00:01]} Nf6 {[%emt 0:00:01]} 22. Kc2 {[%emt 0:00:03]} Ng4 {[%emt 0:00:06]} 23. Rde1 {[%emt 0:00:09]} Nxe3+ {[%emt 0:00:06]} 24. Rxe3 {[%emt 0:00:01]} Rxf4 {[%emt 0:00:00]} 25. Re2 {[%emt 0:00:04]} Raf8 {[%emt 0:00:03]} 26. g3 {[%emt 0:00:04]} Rf2 {[%emt 0:00:01]} 27. Rge1 {[%emt 0:00:01]} e5 {[%emt 0:00:04]} 28. h4 {[%emt 0:00:11]} Rxe2 {[%emt 0:00:19]} 29. Rxe2 {[%emt 0:00:01]} Re8 {[%emt 0:00:00]} 30. Rf2 {[%emt 0:00:08]} Rf8 {[%emt 0:00:04]} 31. Re2 {[%emt 0:00:01]} Re8 {[%emt 0:00:00]} 32. Kc3 {[%emt 0:00:05]} b5 {[%emt 0:00:10]} 33. cxb5 {[%emt 0:00:04]} Bxb5 {[%emt 0:00:01]} 34. Re3 {[%emt 0:00:03]} b6 {[%emt 0:00:08]} 35. Nc4 {[%emt 0:00:03]} Bxc4 {[%emt 0:00:04]} 36. Kxc4 {[%emt 0:00:01]} Kf7 {[%emt 0:00:01]} 37. Kd5 {[%emt 0:00:02]} Kf6 {[%emt 0:00:08]} 38. Rf3+ {[%emt 0:00:01]} Kg6 {[%emt 0:00:01]} 39. Rb3 {[%emt 0:00:01]} Kf5 {[%emt 0:00:09]} 40. Rf3+ {[%emt 0:00:11]} Kg4 {[%emt 0:00:03]} 41. Ke4 {[%emt 0:00:03]} Re7 {[%emt 0:00:02]} 42. a4 {[%emt 0:00:03]} g6 {[%emt 0:00:02]} 43. Rf6 {[%emt 0:00:03]} Ra7 {[%emt 0:00:07]} 44. b3 {[%emt 0:00:01]} Ra6 {[%emt 0:00:01]} 45. Kxe5 {[%emt 0:00:32]} Kxg3 {[%emt 0:00:00]} 46. Rf7 {[%emt 0:00:01]} c4 {[%emt 0:00:05]} 47. bxc4 {[%emt 0:00:02]} Rxa4 {[%emt 0:00:00]} 48. Kd5 {[%emt 0:00:04]} Ra5+ {[%emt 0:00:02]} 49. Kd4 {[%emt 0:00:00]} Rh5 {[%emt 0:00:01]} 50. Rb7 {[%emt 0:00:02]} Rxh4+ {[%emt 0:00:03]} 51. Kd3 {[%emt 0:00:00]} Rh1 {[%emt 0:00:03]} 52. Rxb6 {[%emt 0:00:02]} Rc1 {[%emt 0:00:01]} 53. Kd4 {[%emt 0:00:03]} Kf4 {[%emt 0:00:02]} 54. Rf6+ {[%emt 0:00:02]} Kg5 {[%emt 0:00:01]} 55. Rf2 {[%emt 0:00:02]} h5 {[%emt 0:00:01]} 56. Rg2+ {[%emt 0:00:04]} Kf5 57. Rf2+ {[%emt 0:00:00]} Kg5 {[%emt 0:00:01]} 58. Rg2+ {[%emt 0:00:01]} Kh6 {[%emt 0:00:01]} 59. c5 {[%emt 0:00:11]} h4 {[%emt 0:00:01]} 60. Re2 {[%emt 0:00:14]} Kh5 {[%emt 0:00:01]} 61. Re8 {[%emt 0:00:03]} g5 {[%emt 0:00:03]} 62. Kd5 {[%emt 0:00:02]} h3 {[%emt 0:00:01]} 63. Rh8+ {[%emt 0:00:04]} Kg4 {[%emt 0:00:01]} 64. c6 {[%emt 0:00:01]} Kg3 {[%emt 0:00:02]} 65. Kd6 {[%emt 0:00:01]} h2 {[%emt 0:00:01]} 66. c7 {[%emt 0:00:01]} g4 {[%emt 0:00:01]} 67. Rh5 {[%emt 0:00:03]} Kg2 {[%emt 0:00:07]} 68. Rc5 {[%emt 0:00:03]} Rxc5 {[%emt 0:00:01]} 69. Kxc5 {[%emt 0:00:01]} h1=Q {[%emt 0:00:01]} 70. c8=Q {[%emt 0:00:02]} Qc1+ {[%emt 0:00:01]} 0-1

[Event "RUS-ch Men Blitz 2019"]
[Site "Sochi"]
[Date "2019.10.17"]
[Round "2.15"]
[White "Remizov, Yaroslav"]
[Black "Bocharov, Dmitry"]
[Result "1/2-1/2"]
[WhiteElo "2394"]
[BlackElo "2519"]
[Annotator "ChessBase"]
[PlyCount "86"]
[EventDate "2019.10.17"]
[EventType "swiss"]
[EventCountry "RUS"]
[SourceTitle "playchess.com"]
[Source "ChessBase"]
[SourceQuality "1"]
[TimeControl "180+2"]

1. e4 {[%emt 0:00:00]} g6 {[%emt 0:00:00]} 2. d4 {[%emt 0:00:05]} Bg7 {[%emt 0:00:00]} 3. Nf3 {[%emt 0:00:03]} d6 {[%emt 0:00:02]} 4. Nc3 {[%emt 0:00:23]} a6 {[%emt 0:00:02]} 5. Bd3 {[%emt 0:00:03]} Bg4 {[%emt 0:00:10]} 6. Be3 {[%emt 0:00:06]} Nc6 {[%emt 0:00:02]} 7. d5 {[%emt 0:00:17]} Bxf3 {[%emt 0:00:10]} 8. gxf3 {[%emt 0:00:06]} Ne5 {[%emt 0:00:10]} 9. Be2 {[%emt 0:00:14]} c6 {[%emt 0:00:03]} 10. f4 {[%emt 0:00:06]} Nd7 {[%emt 0:00:02]} 11. Bd4 {[%emt 0:00:31]} Bf6 {[%emt 0:00:52]} 12. dxc6 {[%emt 0:00:54]} bxc6 {[%emt 0:00:02]} 13. Qd2 {[%emt 0:00:01]} c5 {[%emt 0:00:15]} 14. Be3 {[%emt 0:00:17]} Qa5 {[%emt 0:00:13]} 15. Nd5 {[%emt 0:00:05]} Qxd2+ {[%emt 0:00:06]} 16. Kxd2 {[%emt 0:00:10]} Rb8 {[%emt 0:00:05]} 17. Nc7+ {[%emt 0:00:07]} Kf8 {[%emt 0:00:05]} 18. Nxa6 {[%emt 0:00:01]} Rb7 {[%emt 0:00:44]} 19. a4 {[%emt 0:00:04]} e5 {[%emt 0:00:05]} 20. f5 {[%emt 0:00:04]} gxf5 {[%emt 0:00:03]} 21. exf5 {[%emt 0:00:00]} Ne7 {[%emt 0:00:02]} 22. b4 {[%emt 0:00:04]} cxb4 {[%emt 0:00:24]} 23. Rab1 {[%emt 0:00:00]} Nxf5 {[%emt 0:00:04]} 24. Rxb4 {[%emt 0:00:01]} Rxb4 {[%emt 0:00:01]} 25. Nxb4 {[%emt 0:00:00]} Nxe3 {[%emt 0:00:02]} 26. fxe3 {[%emt 0:00:01]} Nc5 {[%emt 0:00:01]} 27. a5 {[%emt 0:00:05]} e4 {[%emt 0:00:02]} 28. a6 {[%emt 0:00:02]} Kg7 {[%emt 0:00:02]} 29. Rg1+ {[%emt 0:00:01]} Kh6 {[%emt 0:00:01]} 30. Rf1 {[%emt 0:00:00]} Kg7 {[%emt 0:00:02]} 31. Rg1+ {[%emt 0:00:01]} Kh6 {[%emt 0:00:00]} 32. Bc4 {[%emt 0:00:03]} Rb8 {[%emt 0:00:02]} 33. Nd5 {[%emt 0:00:03]} Be5 {[%emt 0:00:02]} 34. Ne7 {[%emt 0:00:01]} Rf8 {[%emt 0:00:05]} 35. Nf5+ {[%emt 0:00:02]} Kh5 {[%emt 0:00:01]} 36. a7 {[%emt 0:00:01]} Ne6 {[%emt 0:00:02]} 37. Bd5 {[%emt 0:00:03]} Bxh2 {[%emt 0:00:02]} 38. Rh1 {[%emt 0:00:02]} Kg5 {[%emt 0:00:01]} 39. Rxh2 {[%emt 0:00:01]} Kxf5 {[%emt 0:00:01]} 40. a8=Q {[%emt 0:00:02]} Rxa8 {[%emt 0:00:01]} 41. Bxa8 Ng5 {[%emt 0:00:01]} 42. Rh5 {[%emt 0:00:08]} Kg4 {[%emt 0:00:04]} 43. Rxg5+ {[%emt 0:00:01]} Kxg5 {[%emt 0:00:01]} 1/2-1/2

[Event "RUS-ch Men Blitz 2019"]
[Site "Sochi"]
[Date "2019.10.17"]
[Round "2.16"]
[White "Pridorozhni, Aleksei"]
[Black "Gurvich, Vitaly"]
[Result "1-0"]
[WhiteElo "2599"]
[BlackElo "2278"]
[Annotator "TA"]
[PlyCount "115"]
[EventDate "2019.10.17"]
[EventType "swiss"]
[EventCountry "RUS"]
[SourceTitle "playchess.com"]
[Source "ChessBase"]
[SourceQuality "1"]

{[%evp 10,115,37,29,30,18,36,34,38,20,64,43,35,34,43,33,52,0,0,0,0,0,0,0,0,-31,-26,-36,-45,-41,-37,-70,-47,-52,-37,-66,-67,-62,-59,-81,-60,-75,-79,-156,-113,-139,0,-143,-95,-102,-66,-37,-58,-49,-10,-85,-75,-90,-91,-99,0,0,0,0,46,47,589,585,557,506,485,182,199,122,147,120,120,120,120,127,191,161,502,473,428,197,197,184,652,412,29961,29965,29965,29965,29966,29967,29966,29968,29965,29966,29969,29969,29971,29966,29973,29974,29964,29968]} 1. e4 c6 2. Nc3 d5 3. Nf3 dxe4 4. Nxe4 Nf6 5. Qe2 Nxe4 6. Qxe4 Qd5 {B11: Caro-Kann: Two Knights Variation} (6... Qa5 7. Qh4 Nd7 8. Bc4 Ne5 9. Be2 Nxf3+ 10. Bxf3 Bf5 11. O-O Bxc2 12. d4 e6 13. Qg3 Bg6 14. h4 {1-0 (48) Wei,Y (2721)-Vachier Lagrave,M (2774) chess.com INT 2019}) 7. Bd3 Nd7 8. Qe2 g6 $146 {White is slightly better.} ({Predecessor:} 8... Nb6 9. O-O Bf5 10. Bxf5 Qxf5 11. d3 e6 12. Re1 Bd6 13. Qe4 Qxe4 14. Rxe4 Nd5 15. Bd2 O-O 16. c4 Nf6 17. Re2 Rfd8 18. d4 Rd7 19. Bc3 Rad8 20. g3 {½-½ (20) Adorjan,A-Barcza,G Budapest 1966}) 9. Bc4 Qd6 10. Ng5 e6 11. Ne4 Qc7 12. h4 h5 13. Ng5 (13. d4 $14) 13... Nb6 $11 14. Bb3 Bg7 15. d3 a5 {With the idea ...a4.} 16. a4 Nd5 17. Kf1 b6 18. c3 Bb7 19. Bd2 {Black should prevent Nxe6!} O-O-O 20. Rd1 c5 21. Rh3 Rhe8 22. Ne4 f5 23. Ng5 e5 24. Kg1 Kb8 25. Bc1 Bf6 26. Rg3 (26. Bc4 $142) 26... Nf4 27. Qf1 Nd5 ({Black should try} 27... Ba6 $1 $17 {Strongly threatening ...Bxg5.} 28. Bc4 Bxc4 29. dxc4 Rxd1 30. Qxd1 Rd8) 28. Re1 (28. Qe2 $1 $11) 28... Ka7 29. Nf3 Rg8 30. Bg5 Bxg5 $1 31. Rxg5 Rde8 (31... Rge8 $5 {[%cal Rd5f4]}) 32. d4 (32. Rg3 $11 {keeps the balance.}) 32... exd4 $1 $17 33. cxd4 Rxe1 34. Qxe1 Rg7 (34... c4 $17 35. Bc2 Nf4) 35. Qe5 $36 {[%mdl 2048] White fights for an advantage.} cxd4 36. Qxc7 Rxc7 37. Nxd4 {aiming for Nb5+.} Nf4 $2 {[%mdl 8192]} (37... Rc1+ $14 38. Kh2 Ne7) 38. Nb5+ $18 {[%mdl 64] Double Attack} Kb8 39. Nxc7 Kxc7 {[%mdl 4096] Endgame KRB-KBN} 40. g3 $2 (40. Bf7) 40... Nh3+ {[#]} 41. Kf1 (41. Kh2 $1 $18 {[%cal Rh2h3]} Nxg5 42. hxg5) 41... Nxg5 $16 42. hxg5 {KB-KB} f4 {[#]} 43. Bc2 $1 fxg3 44. fxg3 Kd6 45. Bxg6 Ke5 $2 (45... Bc6) 46. Bxh5 $18 Kf5 47. Bd1 (47. g6 $142 Kf6 48. Kf2) 47... Kxg5 48. Kf2 Bc6 $2 (48... Kf5 49. Ke3 Bc6) 49. Ke3 b5 (49... Kf6 $18 50. Kf4 Be8) 50. axb5 {White mates.} Bxb5 51. Kd4 Be8 52. Kc5 Kf5 53. Kb6 a4 54. Ka5 Ke4 55. Bxa4 Bh5 56. Bd7 Kf3 {[#]} 57. g4 $1 Bf7 (57... Bxg4 58. Bxg4+) 58. b4 {Accuracy: White = 59%, Black = 51%.} 1-0